Catálogo
 En Linea

Educación, tecnología y futuro. / (Registro nro. 36246)

Detalles MARC
000 -CABECERA
campo de control de longitud fija 00679nam a2200193 a 4500
001 - NÚMERO DE CONTROL
campo de control 000036755
005 - FECHA Y HORA DE LA ÚLTIMA TRANSACCIÓN
campo de control 20200930075922.0
008 - DATOS DE LONGITUD FIJA--INFORMACIÓN GENERAL
campo de control de longitud fija 120131s1983 xxu 000 0 spa d
020 ## - NÚMERO INTERNACIONAL ESTÁNDAR DEL LIBRO
Número Internacional Estándar del Libro 0870232045
040 ## - FUENTE DE LA CATALOGACIÓN
Centro catalogador/agencia de origen DO-SdBNP
Lengua de catalogación spa
Centro/agencia transcriptor BNPHU
082 ## - NÚMERO DE LA CLASIFICACIÓN DECIMAL DEWEY
Número de clasificación xxxx
Número de documento/Ítem B925e
100 1# - ENTRADA PRINCIPAL--NOMBRE DE PERSONA
Nombre de persona Buckminster Fuller, R.,
Fechas asociadas al nombre 1895-1983
9 (RLIN) 63086
240 10 - TÍTULO UNIFORME
Título uniforme Buckminster Fuller of education
Lenguaje de la obra Español
245 10 - MENCIÓN DE TÍTULO
Título Educación, tecnología y futuro. /
Mención de responsabilidad, etc. Richard Buckminster Fuller ; selección y notas por Peter H. Wagschal y Robert D. Kahn.
260 ## - PUBLICACIÓN, DISTRIBUCIÓN, ETC.
Lugar de publicación, distribución, etc. Buenos Aires :
Nombre del editor, distribuidor, etc. Ediciones Arango,
Fecha de publicación, distribución, etc. 1983.
300 ## - DESCRIPCIÓN FÍSICA
Extensión 189 p. ;
Dimensiones 20 cm.
700 1# - PUNTO DE ACCESO ADICIONAL--NOMBRE DE PERSONA
Nombre de persona Wagschal, Peter H.
9 (RLIN) 63087
700 1# - PUNTO DE ACCESO ADICIONAL--NOMBRE DE PERSONA
Nombre de persona Kahn, Robert D.
9 (RLIN) 63088
Existencias
Estado de retiro Estado de pérdida Restricciones de uso No para préstamo Código de colección Localización permanente Ubicación/localización actual Ubicación en estantería Fecha de adquisición Número de inventario Total de préstamos Signatura topográfica completa Código de barras Fecha visto por última vez Precio válido a partir de Tipo de ítem Koha
      Excluido de préstamo Monografías: Libros y Folletos General General En catalogación 31.01.2012 LF1   xxxx B925e 36755-10 25.06.2020 25.06.2020 No se presta

Con tecnología Koha